000 00493nam a2200169Ia 4500
999 _c21422
_d21422
003 OSt
005 20200610141722.0
008 190216s9999||||xx |||||||||||||| ||und||
020 _a9780451200778
040 _coclc
082 _a294.3
_bBUR/T
100 _aBurtt, E A
_92743
245 4 _aThe Teaching Of The Compassionate Buddha /
_cE A Burtt
260 _bA New Arrival Library,
_c1982.
_aNew York:
300 _a225p
942 _cBK
_2ddc
_h294.3
_iBUR/T
_k294.3
_mBUR/T